| 000 | 01193nam0a22003011 4500 | ||
|---|---|---|---|
| 001 | rc\3182326 | ||
| 005 | 20260407114056.0 | ||
| 021 |
_aRU _b75-46939 |
||
| 021 |
_aRU _bРг2216-77 |
||
| 035 | _a(NLR Aleph) 007334984 | ||
| 090 |
_a6048883 _c6048883 |
||
| 100 | _a20120628d1975 |||y0rusy50 ca | ||
| 101 | 0 | _arus | |
| 102 | _aRU | ||
| 105 | _aa z ||||| | ||
| 200 | 1 |
_aМетодические рекомендации по разработке многофакторных моделей "продукция - ресурсы строительства" _fНИИ экономики стр-ва Госстроя СССР |
|
| 210 |
_aМосква _cБ. и. _d1975 |
||
| 215 |
_a75 с. _cил. _d21 |
||
| 300 | _aНа обороте тит. л. авт.: М.С. Данько, А.И. Дитковская, Л.М. Иващенко [и др.] | ||
| 701 | 1 |
_aДитковская _bА.И. |
|
| 701 | 1 |
_aИващенко _bЛ.М. |
|
| 701 | 1 |
_aДанько _bМ.С. |
|
| 712 | 0 | 2 |
_aНИИ экономики строительства _cМосква _3RU\NLR\AUTH\889946019 _9387534 |
| 801 | 0 |
_aRU _bNLR _gpsbo |
|
| 801 | 1 |
_aRU _bELAR _2rusmarc |
|
| 852 |
_aNLR _j77-4/3031 |
||
| 942 | _cBOOK | ||
| 980 | _aNB | ||